000 00513nam a2200181Ia 4500
005 20250326125329.0
008 250326s9999 xx 000 0 und d
037 _aTextbook
040 _aFMSL
_beng
_cFMSL
041 _aeng
_2eng
084 _aX8(A):8 K31
_qFMSL
100 _aJaques E
_9127339
245 0 _aChanging culture of a factory
_cJaques E
260 _aLondon
_bLondon, English Language Book Society
_c1963
300 _a338p
942 _cTB
_hX8(A):8 K31
999 _c1277559
_d1277559